LEADER 01006nam a2200241 a 4500 001 000000040287 003 CaOOAMICUS 005 20130719104123.0 008 980526s1938 it u000 u ita r 035 $a10796256 040 $aPUL(R)$bita 100 1 $aDelogu, Tullio.$0(OLS)http://pul/name/28660 245 10$aContributo alla teoria della inammissibilità nel diritto processuale penale /$cTullio Delogu. 260 $aMilano :$bA. Giuffrè,$c1938. 300 $axii, 163 p. ;$c25 cm 504 $aBibliografia in nota. 650 4$aDiritto processuale penale.$0(OLS)http://pul/subject/3721 850 $aPUL 852 $aPUL$W1$xDP2 Diritto e Scienze Sociali 1$y65$m177 A 5$j54777$nBK-PRI$qStampati$B54777$CPULBib$Z2$F54777 $H10784 $82 941 1 $a8 961 $aINV: 10784 996 $6245$aContributo alla teoria della inammissibilità nel diritto processuale penale$9(OLS)http://pul/title/54392 996 $6260$aMilano :$bA. Giuffrè$9(OLS)http://pul/publisher/48096 LEADER 01446nam a2200325 a 4500 001 000000170772 003 CaOOAMICUS 005 20181128104049.0 008 181128s2005 enk 000 u eng r 020 $a0-7546-3141-9* 020 $a0-7546-3144-3* 032 $aLibriCat 040 $aPUL$bita 082 14$a210 245 00$aFaith and philosophical analysis : $bthe impact of analytical philosophy on the philosophy of religion / $cedited by Harriet A. Harris and Christopher J. Insole. 260 $aAldershot :$bAshgate,$c©2005. 300 $aVIII, 201 p. ; $c24 cm. 504 $aBibliografia in nota a piè pagina. 650 4$aReligione e filosofia.$0(OLS)http://pul/subject/22992 700 1 $aHarris, Harriet A.$0(OLS)http://pul/name/109829 700 1 $aInsole, Christopher J.$0(OLS)http://pul/name/109830 850 $aPUL 852 $aPUL$W1$xDP2 Religione 3$y114$m210 HARHA 1$j193907$qDDC 21$B199275$CPULBib$Z2$F199275 $H131763 $81 941 1 $a9 996 $6020$a0-7546-3141-9*$9(OLS)http://pul/number/165397 996 $6020$a0-7546-3144-3*$9(OLS)http://pul/number/165395 996 $6082$a210$9(OLS)http://pul/classification/1731 996 $6245$aFaith and philosophical analysis : $bthe impact of analytical philosophy on the philosophy of religion / $9(OLS)http://pul/title/211600 996 $6260$aAldershot :$bAshgate$9(OLS)http://pul/publisher/64512